000 00227nam a2200097Ia 4500
008 240625s9999 xx 000 0 und d
041 _aeng
082 _a808.20 DUB
100 _aDUBEY TOSHA
245 _aCORPORATE SALES AT MOZOLABS
999 _c37459
_d37459